UBT Library

An educational history of the American people (Record no. 42999)

000 -LEADER
fixed length control field 00566nam a22002171 4500
001 - CONTROL NUMBER
control field 4062354
005 - DATE AND TIME OF LATEST TRANSACTION
control field 20180221035559.0
008 - FIXED-LENGTH DATA ELEMENTS--GENERAL INFORMATION
fixed length control field 800124s1967 nyua b 000 0 eng
010 ## - LIBRARY OF CONGRESS CONTROL NUMBER
LC control number 67013513
040 ## - CATALOGING SOURCE
Original cataloging agency DLC
Transcribing agency DLC
Modifying agency DLC
041 ## - LANGUAGE CODE
Language code of text/sound track or separate title eng
043 ## - GEOGRAPHIC AREA CODE
Geographic area code n-us---
080 ## - UNIVERSAL DECIMAL CLASSIFICATION NUMBER
Universal Decimal Classification number 370.973 MEY
082 00 - DEWEY DECIMAL CLASSIFICATION NUMBER
Classification number 370.973 MEY
100 1# - Rafti
Rafti 47
101 ## - Shkurtesa
Shkurtesa EDU
245 13 - TITLE STATEMENT
Title An educational history of the American people
Statement of responsibility, etc [by] Adolphe E. Meyer.
504 ## - BIBLIOGRAPHY, ETC. NOTE
Bibliography, etc Bibliography: p. [421]-477.
906 ## - LOCAL DATA ELEMENT F, LDF (RLIN)
a 7
b cbc
c orignew
d u
e ocip
f 19
g y-gencatlg
942 ## - ADDED ENTRY ELEMENTS (KOHA)
Source of classification or shelving scheme
Item type Books
Holdings
Withdrawn status Lost status Source of classification or shelving scheme Damaged status Not for loan Collection code Permanent location Current location Shelving location Date acquired Total Checkouts Full call number Barcode Date last seen Price effective from Koha item type
          Koleksioni i përgjithshem UBT - Lipjan UBT - Lipjan Koleksioni i përgjithshem 02/21/2018   370.973 MEY 002-2998260 02/21/2018 02/21/2018 Books
UBT Library © 2015-2024. All rights reserved University Education for Business and Technology